000 01431nam a2200385 i 4500
001 000008569
003 DO-SdBNP
005 20260427114649.0
007 ta
008 090917s2002 cu 000 j spa d
020 _a9592094195
040 _aDO-SdBNP
_bspa
_cBNPHU
_erda
049 _aBNPD
082 4 _aCu863.08
_bM953c
_222
245 0 0 _aMujeres como islas :
_bantología de narradores cubanas, dominicanas y puertorriqueñas /
_cedición, Olga Marta Pérez, Thelma Jiménez.
264 1 _aLa Habana, Cuba :
_bFerilibro:
_bEdiciones Unión,
_c2002.
300 _a202 páginas ;
_c20 cm.
336 _2rdacontent
_atexto
_btxt
337 _2rdamedia
_asin mediación
_bn
338 _2rdacarrier
_avolumen
_bnc
500 _aIncluye referencias bibliográficas y notas al pie de las páginas.
590 _aInventariado, 2023/BT
650 4 _aCuentos cubanos
_xAutoras
_922964
650 4 _aCuentos dominicanos
_xAutoras
_922965
650 4 _aCuentos puertorriquenos
_xAutoras
_922966
650 4 _aLiteratura cubana
_ySiglo XX
_99186
650 4 _aLiteratura puertorriquena
_ySiglo XX
_95311
650 4 _aLiteratura dominicana
_ySiglo XX
_985167
700 1 _aPérez, Olga Marta,
_eedición
_922707
700 1 _aJiménez, Thelma,
_eedición
_922967
700 1 _aBlanco D., Andrés,
_eedición
_922968
710 2 _aFeria Internacional del Libro (República Dominicana)
_9149
910 _aBtavárez
942 _2ddc
_cLBS1
999 _c8339
_d8339